Statistics for Famous Beards (and the Men Who Wear Them)

Click here to take the quiz!

General Stats

  • This quiz has been taken 22,058 times
    (14,155 since last reset)
  • The average score is 14 of 20

Answer Stats

Clue Beard % Correct
Leader of twelve disciplesJesus
92%
Former Al-Qaeda leaderOsama Bin Laden
92%
Discovered natural selection and
had a bushy white beard
Charles Darwin
88%
16th PresidentAbraham Lincoln
88%
English King married six timesHenry VIII
86%
Cuban revolutionaryFidel Castro
83%
Hogwarts headmasterAlbus Dumbledore
79%
Frodo's wizard friendGandalf
77%
His belly shakes like a bowl full of jellySanta Claus
74%
Smurf with a red hatPapa Smurf
74%
His beard became de rigueur
for psychiatrists
Sigmund Freud
73%
Mad Russian monk
with an unkempt beard
Rasputin
72%
Author of "Das Kapital"Karl Marx
71%
Top-ranking Confederate generalRobert E. Lee
62%
Rock band with long beards
and sunglasses
ZZ Top
62%
Also known as Jupiter or JoveZeus
55%
Behind his beard, there is no chin
- only another fist
Chuck Norris
47%
Writer with a famous white beard
during his "Papa" phase
Ernest Hemingway
44%
Viking of the funny pagesH├Ągar the Horrible
41%
Escaped slave and abolitionist orator
with a salt-and-pepper beard
Frederick Douglass
36%

Score Distribution

Percentile by Number Answered

Percent of People with Each Score

Your Score History

You have not taken this quiz since the last reset